Communication skills for health and social care / (Record no. 11088)

MARC details
000 -LEADER
fixed length control field 00658nam a22002172 4500
001 - CONTROL NUMBER
control field 0000012815
005 - DATE AND TIME OF LATEST TRANSACTION
control field 20151217154415.0
008 - FIXED-LENGTH DATA ELEMENTS--GENERAL INFORMATION
fixed length control field 090320s xx 000 0 eng d
020 ## - INTERNATIONAL STANDARD BOOK NUMBER
International Standard Book Number 1412922852 :
040 ## - CATALOGING SOURCE
Original cataloging agency KABU
Transcribing agency KABU
100 1# - MAIN ENTRY--PERSONAL NAME
Personal name Moss, Bernard.
-- 0000169760
245 10 - TITLE STATEMENT
Title Communication skills for health and social care /
Statement of responsibility, etc. Bernard Moss.
250 ## - EDITION STATEMENT
Edition statement 1st ed.
260 ## - PUBLICATION, DISTRIBUTION, ETC. (IMPRINT)
Place of publication, distribution, etc. London :
Name of publisher, distributor, etc. Sage,
Date of publication, distribution, etc. 2008.
300 ## - PHYSICAL DESCRIPTION
Extent xii, 212 p.
650 #0 - SUBJECT ADDED ENTRY--TOPICAL TERM
Topical term or geographic name as entry element Communication in social work.
-- 0000169761
650 #0 - SUBJECT ADDED ENTRY--TOPICAL TERM
Topical term or geographic name as entry element Communication in medicine.
-- 0000169762
852 1# - LOCATION
-- p2450 KES
908 ## - PUT COMMAND PARAMETER (RLIN)
Put command parameter 090320
950 ## - LOCAL HOLDINGS (RLIN)
-- 1
Holdings
Withdrawn status Lost status Source of classification or shelving scheme Not for loan Home library Current library Date acquired Total Checkouts Full call number Barcode Date last seen Price effective from Koha item type
    Library of Congress Classification   Kabarak, Main Campus Kabarak, Main Campus 17/12/2015   HV29.7 .M67 2008 c. 1 17270 17/12/2015 17/12/2015 General Collection
Designed with assistance from East African Informatics Ltd